<The> Art of the state culture, rhetoric, and public management
Saved in:
| Main Author: | |
|---|---|
| Format: | Book |
| Language: | English |
| Published: |
Oxford
Clarendon Press
2000
|
| Subjects: | |
| Tags: |
No Tags, Be the first to tag this record!
|
MARC
| LEADER | 00000nam a2200000 4500 | ||
|---|---|---|---|
| 001 | c137821 | ||
| 005 | 20230105072602.3 | ||
| 020 | |a 0-19-829765-3 | ||
| 041 | 0 | |a eng | |
| 044 | |a US | ||
| 245 | 1 | 0 | |a <The> Art of the state |b culture, rhetoric, and public management |c Christopher Hood |
| 264 | 1 | |a Oxford |b Clarendon Press |c 2000 | |
| 300 | |a 261 s. | ||
| 610 | 2 | 0 | |a správa verejná |
| 610 | 2 | 0 | |a manažment |
| 610 | 2 | 0 | |a riadenie |
| 610 | 2 | 0 | |a sektor verejný |
| 610 | 2 | 0 | |a kultúra |
| 610 | 2 | 0 | |a umenie |
| 610 | 2 | 0 | |a kompetencie |
| 610 | 2 | 0 | |a kontrola verejná |
| 610 | 2 | 0 | |a vláda |
| 100 | 1 | |a Hood, Christopher | |